Minecraft Mobs: Drowned - Statistics

General Stats
  • This quiz has been taken 9 times
  • The average score is 7 of 11
Answer Stats
Question Answer % Correct
How many health points does a drowned have? 20
86%
What mob can transform into a drowned when submerged under water? Zombie
86%
What is the maximum light level a drowned can spawn at? 0
71%
Other than a trident, what can a drowned spawn with in its main hand? Fishing Rod
71%
What item can a drowned spawn with in its offhand? Nautilus Shell
71%
What is the attack cooldown for a drowned with a trident in seconds? 1.5
57%
What percent chance does a drowned have to spawn with that item? 3
57%
Other than rotten flesh, what item can a drowned drop when killed by a player? Copper Ingot
57%
What structure can drowned generate with? Ocean Ruins
57%
What is an adult drowned's width in blocks? 0.6
43%
What is an adult drowned's height in blocks? 1.95
43%
No matching quizzes found
Score Distribution
Percent of People with Each Score
Percentile by Number Answered
Your Score History
You have not taken this quiz